| 000 | 01078nam a22002177a 4500 | ||
|---|---|---|---|
| 999 |
_c57164 _d57164 |
||
| 003 | Ge_BSU | ||
| 005 | 20191216110202.0 | ||
| 008 | 191216s2019 ||||| |||| 00| 0 geo d | ||
| 020 | _a9789941264511 | ||
| 041 |
_ageo _heng |
||
| 080 | _a821.111.03=353.1 კ-39 | ||
| 100 |
_aკელი, რობერტ. _95800 |
||
| 245 |
_aსაფოსტო ბარათები ქვესკნელიდან = Postcards from the underworld _bლექსები / _cრობერტ კელი ; ინგლის თარგმ. ირაკლი ყოლბაიამ. |
||
| 250 | _aI გამოცემა. | ||
| 264 |
_aთბილისი : _bუნივერსალი, _c2019. |
||
| 300 |
_a110 გვ. ; _c14 სმ. |
||
| 600 |
_aთარგმანთა წიგნი ეძღვნება დათო თუთბერიძეს _95802 |
||
| 653 | _aამერიკული პოეზია. | ||
| 700 |
_a ყოლბაია, ირაკლი _eმთარგმნელი _95801 |
||
| 942 |
_2udc _cBK |
||